000 00996nam a22003257a 4500
003 CHAP
005 20220329135908.0
008 971013s1917 r 00010 d
010 _a43841
011 _a44813
035 _a48952
040 _cCHAP
090 _aFolleto 6539
100 0 0 _aRamírez, Román.
_994368
245 _aMedidas contra la plaga de la langosta
260 _aMéxico, D. F. :
_bDirección de Agricultura,
_c1917
300 _a60 p.
501 _aEnc.con otros impresos similares
590 _aBATCH-UPD
_b10
_c20130110
_lUCH01
_h0240
590 _aBATCH-UPD
_b10
_c20130110
_lUCH01
_h1843
590 _aBATCH-UPD
_b10
_c20130409
_lUCH01
_h2307
590 _aBATCH-UPD
_b10
_c20130914
_lUCH01
_h0918
590 _aCONVERSION
_b10
_c20130109
_lUCH01
_h1324
650 1 4 _aChapulines.
_921941
650 1 4 _aControl de plagas.
_927595
650 1 4 _aLangosta como plaga.
_964759
901 _aBK
942 _cFOLL
949 _aFolleto 6539
_bBC
_cBPP
_d-110598
_eBPP
_i48952
_mD
_si
999 _c43841
_d43841